Pays de A à Z en anagrammes - Statistiques

Statistiques générales
  • Ce quiz a été pris 101 fois
  • Le résultat moyen est 14 sur 16
Statistiques - réponses
Hint Réponse % Correct
C : niche Chine
99%
E : queutera Equateur
98%
H : hiait Haïti
98%
A : remanie Arménie
97%
N : panel Népal
97%
O : noma Oman
97%
P : proue Pérou
94%
Z : abîmez Zambie
92%
G : bigame Gambie
88%
R : sieurs Russie
88%
T : inusité Tunisie
88%
S : brisée Serbie
85%
M : valdisme Maldives
82%
L : étiolent Lettonie
75%
B : hiberna Bahreïn
69%
I : aldines Islande
62%
Aucun quiz correspondant
Distribution des résultats
% des personnes avec chaque résultat
Percentile par nombre de réponses
Votre historique - résultats
Vous n’avez pas pris ce quiz